Constitutional law (Record no. 1165045)

MARC details
000 -LEADER
fixed length control field 00864nam a2200277Ia 4500
003 - CONTROL NUMBER IDENTIFIER
control field OSt
005 - DATE AND TIME OF LATEST TRANSACTION
control field 20221007082020.0
008 - FIXED-LENGTH DATA ELEMENTS--GENERAL INFORMATION
fixed length control field 221006b |||||||| |||| 00| 0 eng d
037 ## - SOURCE OF ACQUISITION
Terms of availability Reports / Technical Reports
040 ## - CATALOGING SOURCE
Original cataloging agency FLL
Transcribing agency FLL
Language of cataloging eng
041 ## - LANGUAGE CODE
Source of code eng
Language code of text/sound track or separate title eng
100 ## - MAIN ENTRY--PERSONAL NAME
Personal name Freund Faul A.
9 (RLIN) 698500
245 #0 - TITLE STATEMENT
Title Constitutional law
250 ## - EDITION STATEMENT
Edition statement 2nd
260 ## - PUBLICATION, DISTRIBUTION, ETC.
Place of publication, distribution, etc. Toronto
Name of publisher, distributor, etc. Little, Brown and Company Toronto
Date of publication, distribution, etc. 1966
300 ## - PHYSICAL DESCRIPTION
Extent xi,1-347p
Dimensions cm.
700 ## - ADDED ENTRY--PERSONAL NAME
Personal name Brown Ernest J.
9 (RLIN) 698501
700 ## - ADDED ENTRY--PERSONAL NAME
Personal name Howe Mark De Wolfe
9 (RLIN) 698502
700 ## - ADDED ENTRY--PERSONAL NAME
Personal name Sutherland Arthur E.
9 (RLIN) 698503
942 ## - ADDED ENTRY ELEMENTS (KOHA)
Classification part V73:2:9Zy7, K6
Koha item type Reports
Source of classification or shelving scheme Colon Classification (CC)
Holdings
Withdrawn status Lost status Source of classification or shelving scheme Damaged status Not for loan Home library Current library Date acquired Total Checkouts Full call number Barcode Date last seen Price effective from Koha item type
    Colon Classification (CC)     Faculty of Law Library Faculty of Law Library 2022-10-07   V73:2:9Zy7 K6 LL0377462 2022-10-07 2022-10-07 Reports
Copyright @ Delhi University Library System